000 01499 a2200277 4500
005 20250218132338.0
020 _a9780702083358
050 0 0 _aQM 551
_bWHE 2023
100 1 _aO'Dowd , Geraldine
_eauthor.
245 1 0 _aWheater's functional histology :
_ba text and color atlas /
_cGeraldine O'Dowd, Bell, Sarah and Wright, Sylvia
250 _aseventh edition
264 1 _aPhiladelphia, PA :
_bChurchill Livingston/Elsevier,
_c2023
300 _a468 pages
_bcolor illustrations ;
336 _atext
_2rdacontent
_bTXT
337 _aunmediated
_2rdamedia
_bN
338 _avolume
_2rdacarrier
_bNC
500 _aIncludes index.
500 _aPreceded by: Wheater's functional histology / Barbara Young ... [et al.]. 5th ed. 2006.
505 0 _aCell structure and function -- Cell cycle and replication -- Blood, haematopoiesis and bone marrow -- Supporting/connective tissues -- Epithelial tissues -- Muscle -- Nervous tissues -- Circulatory system -- Skin -- Skeletal tissues -- Immune system -- Respiratory system -- Oral tissues -- Gastrointestinal tract -- Liver and pancreas -- Urinary system -- Endocrine system -- Male reproductive system -- Female reproductive system -- Central nervous system -- Special sense organs.
650 0 _aHistology
700 1 _aO'Dowd, Geraldine,
_eauthor.
700 1 _aBell,Sarah
_eauthor.
700 1 _aWright , Sylvia
_eauthor
942 _2lcc
_cBK
_h551
_iO'DO
_kQM
_eseventh
999 _c11484
_d11484